| 000 | 01362cam a22003617a 4500 | ||
|---|---|---|---|
| 003 | CHAP | ||
| 005 | 20220329143049.0 | ||
| 008 | 051124d2004 mx abd r 00110 spa d | ||
| 010 | _a91403 | ||
| 011 | _a92375 | ||
| 035 | _a102939 | ||
| 040 | _cCHAP | ||
| 090 | _aTesis | ||
| 100 | 0 | 0 |
_aMeléndez Pérez, Adolfo. _974418 |
| 245 | 1 | 0 |
_aComportamiento predestete de cabritos encastados de Boer, bajo condiciones de cría semiextensiva _c/por Adolfo Meléndez Pérez |
| 260 |
_aCocula, Gro. : _bEl autor, _c2004 |
||
| 300 |
_a51 h. : _bilus. ; gráfs. ; mapas ; cuadros |
||
| 502 | _aTesis (Ing. Agr, Zootecnista) -- Colegio Superior Agropecuario del Estado de Guerrero. Centro de Estudios Profesionales | ||
| 590 |
_aALEPH _b10 _c20130110 _lUCH01 _h1507 |
||
| 590 |
_aBATCH-UPD _b10 _c20130110 _lUCH01 _h0640 |
||
| 590 |
_aBATCH-UPD _b10 _c20130410 _lUCH01 _h0325 |
||
| 590 |
_aBATCH-UPD _b10 _c20130914 _lUCH01 _h1508 |
||
| 590 |
_aCONVERSION _b10 _c20130109 _lUCH01 _h1351 |
||
| 650 | 1 | 4 |
_aAnimales _xHabitos y conducta. _95865 |
| 650 | 1 | 4 |
_aGanado cabrío _xAlimentación. _944990 |
| 650 | 1 | 4 |
_aGanado cabrío _xCría de. _945001 |
| 650 | 1 | 4 |
_aGanado cabrío _xDestete. _945003 |
| 650 | 1 | 4 |
_aGanado cabrío _xRazas. _945042 |
| 901 | _aBK | ||
| 905 | _aMarco A. Mendoza T. | ||
| 942 | _cTESIS | ||
| 949 |
_aTesis _bBC _cTES _d1029391 _eTS1 _gDonaciØn _h44380 _i102939 _sb |
||
| 999 |
_c91403 _d91403 |
||